000 01011 a2200241 4500
005 20260330144413.0
008 260330b |||||||| |||| 00| 0 eng d
020 _a9788197766732 (hbk)
037 _cTB
040 _aCRL
_cCRL
041 _2hin
_ahin
084 _aO152,3N36:g R4
_qCRL
245 _aविजयमोहन सिंह:
_bजीवन और सृजन
260 _aदिल्ली, भारत:
_bअनन्य प्रकाशन,
_c2024.
300 _a312पृ.
365 _b695.00
_cINR
650 _aहिन्दी कहानी
650 _aहिन्दी साहित्य
700 _aसिंह, ओमप्रकाश
_eसम्पादक
_91232048
700 _aसिंह, पूनम
_eसम्पादक
_91232049
942 _cTB
_2CC
_hO152,3N36:g R4
999 _c1466845
_d1466845